Mobilní telefon jako nástroj cílené marketingové komunikace

Výsledky výskumu vnímania komerčnej správy zasielanej na mobilný telefón spotrebiteľa.

Saved in:
Bibliographic Details
Main Author: Březinová, Monika
Other Authors: Minárová, Martina
Format: Book Chapter
Language:Czech
Subjects:
Tags: Add Tag
No Tags, Be the first to tag this record!

MARC

LEADER 00000naa a2200000 4500
001 0126614
005 20231128130830.7
041 0 |a cze 
044 |a CZ 
245 1 0 |a Mobilní telefon jako nástroj cílené marketingové komunikace  |c Monika Březinová, Martina Minárová 
520 |a Výsledky výskumu vnímania komerčnej správy zasielanej na mobilný telefón spotrebiteľa. 
610 2 0 |a komunikácia marketingová 
610 2 0 |a telefón mobilný 
610 2 0 |a marketing 
610 2 0 |a spotrebitelia 
610 2 0 |a siete mobilné 
100 1 |a Březinová, Monika 
700 1 |a Minárová, Martina